[Event "4NCL Division 3"]
[Site "Daventry Court ENG"]
[Date "2015.05.03"]
[Round "10.21"]
[White "Cooke, Charlie"]
[Black "Evans, Chris John"]
[Result "1-0"]
[WhiteElo "1755"]
[BlackElo "1796"]
[PlyCount "117"]
[EventDate "2015.05.03"]
[WhiteTeam "BCM Hippos [3]"]
[BlackTeam "Banbury Bulldogs"]

1. d4 b5 2. e3 Bb7 3. Nf3 a6 4. c4 bxc4 5. Bxc4 e6 6. O-O Nf6 7. Nc3 c5 8. Qe2
Qc7 9. h3 cxd4 10. Nxd4 Nc6 11. Nf3 Ne5 12. Nxe5 Qxe5 13. Bd2 d5 14. Bd3 g6 15.
Rfc1 h5 16. Nd1 Bh6 17. Bc3 d4 18. Bxd4 Qd5 19. f4 Bg7 20. Rc5 Qd8 21. Rac1 O-O
22. Rc7 Bc8 23. Nf2 Nd5 24. Bxg7 Kxg7 25. R7c4 Qb6 26. Nd1 Bb7 27. a3 a5 28.
Kh2 Rfd8 29. g3 Rd6 30. Rc5 Rad8 31. Rb5 Qa7 32. Rcc5 Nxf4 33. exf4 Rxd3 34.
Qe5+ Kg8 35. Nc3 Rd2+ 36. Kg1 Ba6 37. Rxa5 Qb6 38. Ne4 Rd1+ 39. Kf2 R8d4 40.
Nf6+ Kf8 41. Nh7+ Ke8 42. Qh8+ Kd7 43. Nf6+ Ke7 44. Ng8+ Kd6 45. Qe5+ Kd7 46.
Nf6+ Ke7 47. Qc7+ Qxc7 48. Rxc7+ Kd8 49. Rc3 R4d2+ 50. Kf3 Be2+ 51. Ke3 Bf1 52.
Ra7 Re2+ 53. Kf3 Rxb2 54. Rxf7 Bg2+ 55. Ke3 Bxh3 56. a4 Rdd2 57. a5 Re2+ 58.
Kd4 Ra2 59. Rd7# 1-0

[Event "4NCL Division 3"]
[Site "Daventry Court ENG"]
[Date "2015.05.03"]
[Round "10.23"]
[White "Dhemrait, Surjit S"]
[Black "Martin, Nick J"]
[Result "0-1"]
[WhiteElo "1645"]
[BlackElo "1761"]
[PlyCount "82"]
[EventDate "2015.05.03"]
[WhiteTeam "BCM Hippos [3]"]
[BlackTeam "Banbury Bulldogs"]

1. e4 e6 2. d4 d5 3. exd5 exd5 4. Nf3 Bd6 5. Nc3 c6 6. Bd3 Ne7 7. O-O Bg4 8.
Be2 Qc7 9. Ne5 Bxe2 10. Qxe2 f6 11. Nf3 Nd7 12. Re1 O-O-O 13. Nd1 Ng6 14. c4
dxc4 15. Qxc4 Nb6 16. Qe6+ Kb8 17. Ne3 Rde8 18. Qf5 Ne7 19. Qd3 g5 20. Nf5 Nxf5
21. Rxe8+ Rxe8 22. Qxf5 Nd5 23. Bd2 h5 24. h3 Rg8 25. Qe6 Qd8 26. Re1 g4 27.
Nh4 gxh3 28. Qxh3 Rg4 29. Nf5 Bf4 30. Bxf4+ Nxf4 31. Qf3 Nxg2 32. Re4 Nh4+ 33.
Qxg4 hxg4 34. Nxh4 Qd5 35. Rxg4 Qxa2 36. Rf4 Qxb2 37. Rxf6 Qxd4 38. Rf8+ Kc7
39. Rf7+ Kb6 40. Ng2 Qd1+ 41. Kh2 Qh5+ 0-1

[Event "4NCL Division 3"]
[Site "Daventry Court ENG"]
[Date "2015.05.03"]
[Round "10.24"]
[White "Rumsby, Stephen"]
[Black "Green, George"]
[Result "0-1"]
[WhiteElo "1577"]
[BlackElo "1508"]
[PlyCount "110"]
[EventDate "2015.05.03"]
[WhiteTeam "Banbury Bulldogs"]
[BlackTeam "BCM Hippos [3]"]

1. e4 c5 2. Nc3 Nc6 3. f4 e6 4. Nf3 d5 5. Bb5 d4 6. Ne2 Qc7 7. d3 Qa5+ 8. Nc3
dxc3 9. Bxc6+ bxc6 10. bxc3 Qxc3+ 11. Bd2 Qa3 12. O-O Nf6 13. Qe1 Be7 14. Ne5
Qa4 15. c4 Nd7 16. Qg3 O-O 17. Ng4 f5 18. exf5 exf5 19. Qe3 Bf6 20. Nxf6+ Nxf6
21. Qxc5 Bd7 22. Bc3 Qa6 23. Qd6 Qc8 24. Rfe1 Qb8 25. Qd4 Qb6 26. c5 Qd8 27.
Qc4+ Nd5 28. Be5 Re8 29. Qd4 Qe7 30. Re2 Qf7 31. a3 Rad8 32. Qf2 Bc8 33. d4 Nf6
34. h3 Ne4 35. Qe3 Qc4 36. Rc1 Qf7 37. Ree1 Ba6 38. Rb1 Bb5 39. Rec1 a5 40. Rc2
a4 41. Rb4 Qg6 42. Kh2 Qh5 43. Rb1 h6 44. Rcc1 Kh7 45. Rb2 Rg8 46. Rg1 Rge8 47.
Rc2 Nf6 48. Qg3 Ng4+ 49. Kh1 Nxe5 50. dxe5 Rd3 51. Qf2 Rxa3 52. Rd2 Rd3 53.
Rxd3 Bxd3 54. Qd4 Be4 55. Qxa4 Qxh3# 0-1

[Event "4NCL Division 3"]
[Site "Daventry Court ENG"]
[Date "2015.05.03"]
[Round "10.29"]
[White "Karia, Kamlesh"]
[Black "Turvey, Steven S"]
[Result "1-0"]
[WhiteElo "1660"]
[BlackElo "1801"]
[PlyCount "75"]
[EventDate "2015.05.03"]
[WhiteTeam "Barnet Knights 2"]
[BlackTeam "e2e4.org.uk 5"]

1. e4 e5 2. Nf3 Nc6 3. d4 exd4 4. Bc4 d6 5. c3 Ne5 6. Nxe5 dxe5 7. O-O Bc5 8.
Qb3 Qe7 9. Bxf7+ Qxf7 10. Qb5+ c6 11. Qxc5 Qe7 12. cxd4 Qxc5 13. dxc5 Nf6 14.
Nc3 O-O 15. Bg5 h6 16. Bxf6 Rxf6 17. Rad1 Be6 18. Rd6 Kf7 19. Rfd1 Ke7 20. b4
a6 21. a3 Rff8 22. f3 Rad8 23. Rxd8 Rxd8 24. Rxd8 Kxd8 25. Kf2 Ke7 26. Ne2 g6
27. Nc1 Kf6 28. Ke3 h5 29. g3 g5 30. h4 g4 31. f4 exf4+ 32. Kxf4 Bc4 33. e5+
Kg6 34. Ke4 Bd5+ 35. Kf4 Bc4 36. Ke3 Kf5 37. Kd4 Bb5 38. Nb3 1-0

[Event "4NCL Division 3"]
[Site "Daventry Court ENG"]
[Date "2015.05.03"]
[Round "10.30"]
[White "Levens, David G"]
[Black "Balouka-Myers, Gabriel"]
[Result "0-1"]
[WhiteElo "1855"]
[BlackElo "1705"]
[PlyCount "68"]
[EventDate "2015.05.03"]
[WhiteTeam "e2e4.org.uk 5"]
[BlackTeam "Barnet Knights 2"]

1. e4 c6 2. d4 d5 3. f3 dxe4 4. fxe4 Nd7 5. Nf3 Ngf6 6. e5 Nd5 7. c4 Nc7 8. Bd3
g6 9. O-O Bg7 10. Qe2 O-O 11. Nc3 a6 12. Bf4 Ne6 13. Bg3 b5 14. d5 cxd5 15.
cxd5 Nec5 16. Bc2 b4 17. Na4 Qa5 18. Nxc5 Nxc5 19. Bh4 Qc7 20. Qc4 a5 21. Rfc1
Ba6 22. Qf4 Qd7 23. Qd2 Bb7 24. Bxg6 hxg6 25. Rxc5 Kh7 26. Ng5+ Kg8 27. Nxf7
Qg4 28. Qg5 Qd4+ 29. Bf2 Qxb2 30. Rd1 Rxf7 31. Bd4 Qe2 32. Rdc1 Raf8 33. h3
Rf1+ 34. Rxf1 Rxf1+ 0-1

[Event "4NCL Division 3"]
[Site "Daventry Court ENG"]
[Date "2015.05.03"]
[Round "10.31"]
[White "Balouka-Myers, Reuben"]
[Black "Atara, Omeet J"]
[Result "1-0"]
[WhiteElo "1667"]
[BlackElo "1772"]
[PlyCount "131"]
[EventDate "2015.05.03"]
[WhiteTeam "Barnet Knights 2"]
[BlackTeam "e2e4.org.uk 5"]

1. e4 d5 2. exd5 Qxd5 3. Nc3 Qa5 4. Nf3 c6 5. Bc4 Bf5 6. O-O e6 7. d3 Be7 8.
Nd4 Nf6 9. Re1 O-O 10. Qf3 Bg4 11. Qg3 Qd8 12. Nde2 Nbd7 13. h3 Bxe2 14. Rxe2
Nb6 15. Bb3 Nbd5 16. Bxd5 cxd5 17. Bh6 Nh5 18. Qg4 Bf6 19. Qxh5 gxh6 20. Qxh6
Bg7 21. Qh5 Rc8 22. Nd1 d4 23. f4 Qf6 24. Qg4 Kh8 25. Nf2 Bh6 26. Rf1 Qxf4 27.
Qxf4 Bxf4 28. Ng4 Bg5 29. Ne5 Rc7 30. Nc4 Kg7 31. Re4 Be3+ 32. Nxe3 dxe3 33. c3
Rc6 34. Rxe3 Ra6 35. Rg3+ Kh8 36. Rf2 f5 37. d4 Rd8 38. Re2 Rdd6 39. Kf1 Rd7
40. Kf2 Rg7 41. Rxg7 Kxg7 42. Kf3 Kf6 43. g4 h6 44. gxf5 Kxf5 45. Re5+ Kf6 46.
b4 Rc6 47. Rc5 Rxc5 48. bxc5 Kf5 49. a4 a6 50. a5 Kg6 51. Kf4 Kf6 52. c4 Ke7
53. Ke5 Kd7 54. Kf6 h5 55. h4 Kc6 56. Kxe6 Kc7 57. d5 Kd8 58. c6 bxc6 59. dxc6
Kc7 60. Kd5 Kc8 61. Kd6 Kd8 62. c7+ Kc8 63. c5 Kb7 64. Kd7 Ka7 65. c6 Ka8 66.
c8=Q+ 1-0

[Event "4NCL Division 3"]
[Site "Daventry Court ENG"]
[Date "2015.05.03"]
[Round "10.32"]
[White "Homolka, Vincent O"]
[Black "Lewis, Tim"]
[Result "1-0"]
[WhiteElo "1812"]
[BlackElo "1600"]
[PlyCount "123"]
[EventDate "2015.05.03"]
[WhiteTeam "e2e4.org.uk 5"]
[BlackTeam "Barnet Knights 2"]

1. e4 e5 2. Bc4 Nf6 3. d3 Bc5 4. Nc3 Nc6 5. Nf3 h6 6. O-O O-O 7. Re1 a6 8. Be3
Ba7 9. Bxa7 Rxa7 10. Qd2 d6 11. h3 Na5 12. Bb3 Nxb3 13. axb3 Be6 14. d4 exd4
15. Nxd4 Ra8 16. Rad1 Qe7 17. e5 dxe5 18. Rxe5 Rfd8 19. Qe2 c5 20. Nxe6 Rxd1+
21. Nxd1 Re8 22. Nc3 fxe6 23. f4 Qd6 24. Kh1 Kf7 25. Qf2 Qd4 26. Kg1 Nd7 27.
Re1 Qxf2+ 28. Kxf2 Nf6 29. Ne4 Rd8 30. Nxc5 Rc8 31. Nxb7 Rxc2+ 32. Re2 Ne4+ 33.
Ke3 Rxe2+ 34. Kxe2 Ng3+ 35. Kf3 Nf1 36. b4 Nd2+ 37. Ke2 Nc4 38. b3 Nb6 39. b5
axb5 40. Nd6+ Ke7 41. Nxb5 Nd5 42. g3 h5 43. Kf3 Nb4 44. Ke4 Na6 45. Kd4 Nb4
46. Nc3 Nc2+ 47. Kc5 Ne1 48. Ne4 Ng2 49. h4 Ne3 50. b4 Kd7 51. b5 Kc7 52. Ng5
Kd7 53. b6 Nf5 54. Nxe6 Kc8 55. Kc6 Ne7+ 56. Kc5 Nf5 57. Kc6 Ne7+ 58. Kd6 Nf5+
59. Ke5 Nxg3 60. Nxg7 Kb7 61. f5 Kxb6 62. f6 1-0

[Event "4NCL Division 3"]
[Site "Daventry Court ENG"]
[Date "2015.05.03"]
[Round "10.33"]
[White "Willmoth, Harrison"]
[Black "Milson, Neil"]
[Result "1-0"]
[WhiteElo "1592"]
[BlackElo "1720"]
[PlyCount "67"]
[EventDate "2015.05.03"]
[WhiteTeam "Barnet Knights 2"]
[BlackTeam "e2e4.org.uk 5"]

1. e4 b6 2. d4 Bb7 3. Nc3 e6 4. Bd3 Nf6 5. Qe2 Bb4 6. Bd2 Qe7 7. f4 c6 8. Nf3
h6 9. a3 Bxc3 10. Bxc3 a5 11. Rg1 Na6 12. g4 Nc7 13. Bd2 b5 14. e5 Nfd5 15. f5
b4 16. c4 bxc3 17. bxc3 Ba6 18. c4 Nb6 19. Bxa5 Nxc4 20. Bxc7 d5 21. exd6 Nxd6
22. Bxd6 Qxd6 23. Bxa6 O-O 24. Bd3 exf5 25. Kf2 Rfe8 26. Qc2 f4 27. a4 Re3 28.
Rge1 Rae8 29. Rxe3 fxe3+ 30. Kg2 Qf4 31. h3 h5 32. gxh5 Re6 33. a5 g5 34. hxg6
1-0

[Event "4NCL Division 3"]
[Site "Daventry Court ENG"]
[Date "2015.05.03"]
[Round "10.34"]
[White "Homer, Neil S"]
[Black "Karia, Devin"]
[Result "1/2-1/2"]
[WhiteElo "1761"]
[BlackElo "1540"]
[PlyCount "115"]
[EventDate "2015.05.03"]
[WhiteTeam "e2e4.org.uk 5"]
[BlackTeam "Barnet Knights 2"]

1. Nf3 d5 2. d4 Nf6 3. c4 e6 4. Nc3 Nbd7 5. Bg5 h6 6. Bh4 Be7 7. e3 O-O 8. Bd3
b6 9. cxd5 exd5 10. O-O Bb7 11. Rc1 c5 12. dxc5 Nxc5 13. Be2 Nce4 14. Nd4 Rc8
15. Bxf6 Nxf6 16. Qb3 Bc5 17. Rfd1 Bxd4 18. Rxd4 Ne4 19. h3 Nc5 20. Qd1 Ne6 21.
Rd2 d4 22. exd4 Qg5 23. d5 Nf4 24. Bf3 Nxh3+ 25. Kf1 Nf4 26. Ne4 Rxc1 27. Qxc1
Ba6+ 28. Kg1 Qd8 29. Qd1 Re8 30. g3 Ng6 31. Bg2 Bb7 32. Nc3 Ne5 33. Rd4 Re7 34.
d6 Rd7 35. Bxb7 Rxb7 36. Nb5 Rd7 37. Nc7 a5 38. Nd5 Kf8 39. Nc7 g6 40. a4 h5
41. b3 Qf6 42. Kg2 Ng4 43. Qd2 g5 44. Rd5 Ne5 45. Qe3 Ng4 46. Qe8+ Kg7 47.
Rxg5+ Qxg5 48. Qxd7 Kg6 49. Qe7 Qc5 50. Qe4+ Kh6 51. Qf4+ Kg6 52. d7 Qc6+ 53.
Qf3 Qxd7 54. Qe4+ Kh6 55. Qf4+ Kg6 56. Nb5 Qc6+ 57. Qf3 Qxf3+ 58. Kxf3 1/2-1/2

[Event "4NCL Division 3"]
[Site "Daventry Court ENG"]
[Date "2015.05.03"]
[Round "10.39"]
[White "Ogunshola, Ben"]
[Black "Jamieson, Ian M"]
[Result "1-0"]
[WhiteElo "2153"]
[BlackElo "1949"]
[PlyCount "47"]
[EventDate "2015.05.03"]
[WhiteTeam "The Pitstop"]
[BlackTeam "Cheddleton 3"]

1. Nf3 b5 2. e3 a6 3. d4 e6 4. Bd3 Nf6 5. Qe2 c5 6. c3 d5 7. Nbd2 Bb7 8. O-O
Nbd7 9. e4 dxe4 10. Nxe4 cxd4 11. Nxd4 Be7 12. Re1 O-O 13. Bg5 Nxe4 14. Bxe4
Bxe4 15. Bxe7 Qxe7 16. Qxe4 Nc5 17. Qf3 Qb7 18. Qxb7 Nxb7 19. a4 Nd6 20. Red1
Rfe8 21. f3 e5 22. Nc6 Re6 23. axb5 Nxb5 24. Rxa6 1-0

[Event "4NCL Division 3"]
[Site "Daventry Court ENG"]
[Date "2015.05.03"]
[Round "10.40"]
[White "Armstrong, William G"]
[Black "Froom, Oliver"]
[Result "1/2-1/2"]
[WhiteElo "1854"]
[BlackElo "1967"]
[PlyCount "25"]
[EventDate "2015.05.03"]
[WhiteTeam "Cheddleton 3"]
[BlackTeam "The Pitstop"]

1. d4 Nf6 2. Nf3 d5 3. e3 Bf5 4. Bd3 Bg6 5. b3 e6 6. Bb2 Bd6 7. O-O Nbd7 8. Ne5
O-O 9. f4 Ne4 10. Nxg6 hxg6 11. Bxe4 dxe4 12. c4 f5 13. Nc3 1/2-1/2

[Event "4NCL Division 3"]
[Site "Daventry Court ENG"]
[Date "2015.05.03"]
[Round "10.41"]
[White "Fernando, Manel"]
[Black "Boswell, Jacob C"]
[Result "1-0"]
[WhiteElo "1627"]
[BlackElo "1757"]
[PlyCount "55"]
[EventDate "2015.05.03"]
[WhiteTeam "The Pitstop"]
[BlackTeam "Cheddleton 3"]

1. d4 f5 2. Nf3 e6 3. Bf4 Nf6 4. e3 Be7 5. Bd3 O-O 6. Nbd2 b6 7. O-O d6 8. Qe2
Qe8 9. e4 fxe4 10. Nxe4 Ng4 11. Bg5 Nd7 12. Bxe7 Qxe7 13. Neg5 Ndf6 14. h3 Nh6
15. Rae1 Re8 16. c4 d5 17. cxd5 Nxd5 18. Bxh7+ Kh8 19. Qe4 Ba6 20. Bg6 Red8 21.
Qh4 Bxf1 22. Rxe6 Qd7 23. Ne5 Qb5 24. Nef7+ Kg8 25. Nxh6+ gxh6 26. Qxh6 Rd7 27.
Bh7+ Kh8 28. Bf5+ 1-0

[Event "4NCL Division 3"]
[Site "Daventry Court ENG"]
[Date "2015.05.03"]
[Round "10.42"]
[White "Snape, Oliver"]
[Black "Sloan, Hamish"]
[Result "0-1"]
[WhiteElo "1240"]
[BlackElo "1552"]
[PlyCount "72"]
[EventDate "2015.05.03"]
[WhiteTeam "Cheddleton 3"]
[BlackTeam "The Pitstop"]

1. e4 c5 2. c3 Nf6 3. e5 Nd5 4. d4 e6 5. Nd2 cxd4 6. cxd4 Nc6 7. Ndf3 d6 8. Bb5
Qa5+ 9. Qd2 Qxb5 10. Ne2 dxe5 11. dxe5 Bb4 12. Nc3 Nxc3 13. bxc3 Ba5 14. Qe3
Bc7 15. Qe4 Nxe5 16. Bf4 Nxf3+ 17. gxf3 Bxf4 18. Qxf4 Qf5 19. Qxf5 exf5 20.
O-O-O O-O 21. h4 Be6 22. a3 Rad8 23. Rde1 h5 24. f4 Rd3 25. Re3 Rfd8 26. Rhe1
Kf8 27. Kc2 Rd2+ 28. Kc1 Rxf2 29. Rg1 Rdd2 30. c4 g6 31. Rb3 Rc2+ 32. Kb1 b6
33. Rd1 Bxc4 34. Rb4 b5 35. Rd8+ Kg7 36. Ra8 Ra2 0-1

[Event "4NCL Division 3"]
[Site "Daventry Court ENG"]
[Date "2015.05.03"]
[Round "10.43"]
[White "Faizi, Tariq"]
[Black "Alcock, Joseph P"]
[Result "1-0"]
[WhiteElo "1435"]
[BlackElo "1225"]
[PlyCount "109"]
[EventDate "2015.05.03"]
[WhiteTeam "The Pitstop"]
[BlackTeam "Cheddleton 3"]

1. e4 e5 2. Nf3 Nc6 3. Bc4 Bc5 4. d3 h6 5. a3 a6 6. b4 Ba7 7. Bb2 d6 8. h3 Nge7
9. Nc3 Ng6 10. O-O O-O 11. Ne2 Nh4 12. Ng3 g6 13. c3 Qf6 14. Nxh4 Qxh4 15. Kh2
Be6 16. Bc1 b5 17. Ba2 Bxa2 18. Rxa2 f5 19. exf5 gxf5 20. f4 Kf7 21. fxe5 Ke6
22. exd6 cxd6 23. Rf4 Qe7 24. Re2+ Ne5 25. d4 Qg7 26. dxe5 dxe5 27. Qb3+ Ke7
28. Nxf5+ Rxf5 29. Rxf5 Bb8 30. Kh1 Bd6 31. Ref2 Qg3 32. Qf7+ Kd8 33. R5f3 Qh4
34. Qg8+ Kd7 35. Qxa8 e4 36. Rf7+ Ke6 37. R7f6+ Qxf6 38. Rxf6+ Kxf6 39. Qxe4 h5
40. Bf4 Be7 41. h4 Kf7 42. Qh7+ Ke6 43. Qxh5 Bxh4 44. Qxh4 Kf5 45. Be3 Ke5 46.
Qf4+ Ke6 47. g4 Ke7 48. Qf5 Kd6 49. g5 Kc6 50. g6 Kb7 51. Qf6 Kc7 52. g7 Kd7
53. g8=Q Kc7 54. Qgg7+ Kc8 55. Qff8# 1-0

[Event "4NCL Division 3"]
[Site "Daventry Court ENG"]
[Date "2015.05.03"]
[Round "10.44"]
[White "Snape, Jack"]
[Black "Peerless, Darren"]
[Result "0-1"]
[WhiteElo "1097"]
[BlackElo "1375"]
[PlyCount "56"]
[EventDate "2015.05.03"]
[WhiteTeam "Cheddleton 3"]
[BlackTeam "The Pitstop"]

1. e4 d6 2. d4 Nf6 3. Nc3 g6 4. Bg5 Bg7 5. Bxf6 Bxf6 6. Bc4 Nd7 7. Nf3 c6 8.
Qd2 O-O 9. O-O b5 10. e5 dxe5 11. Be2 exd4 12. Nxd4 Qb6 13. Nf3 Bb7 14. Rad1
Rfd8 15. Qf4 Nf8 16. Rxd8 Rxd8 17. Ne4 Kg7 18. Nxf6 exf6 19. Qe4 Qc7 20. h4 c5
21. Bxb5 Bxe4 22. Nh2 Rd2 23. Ng4 Qd6 24. Ne3 Qd8 25. f3 Ba8 26. f4 Qd4 27. Re1
Rxg2+ 28. Kf1 Qxf4# 0-1

[Event "4NCL Division 3"]
[Site "Daventry Court ENG"]
[Date "2015.05.03"]
[Round "10.49"]
[White "Patrick, David A"]
[Black "Atalla, George"]
[Result "1-0"]
[WhiteElo "1876"]
[BlackElo "1525"]
[PlyCount "75"]
[EventDate "2015.05.03"]
[WhiteTeam "Bradford DCA Knights C"]
[BlackTeam "Barnet Knights 3"]

1. e4 c5 2. c3 Nc6 3. d4 e6 4. Nf3 d5 5. e5 Qc7 6. Be2 f6 7. exf6 Nxf6 8. O-O
Bd6 9. Na3 a6 10. Nc2 O-O 11. Be3 Ng4 12. h3 Nxe3 13. fxe3 Bd7 14. Nce1 Rf6 15.
Nd3 b6 16. Nf2 Raf8 17. e4 cxd4 18. cxd4 Rf4 19. e5 Be7 20. Rc1 Qa7 21. g3 R4f5
22. Kg2 b5 23. Ng4 Bd8 24. Bd3 R5f7 25. Bb1 h6 26. Bg6 Re7 27. Bb1 Bb6 28. Qd3
Rf5 29. Nh4 Nb4 30. Qb3 Rxf1 31. Rxf1 a5 32. a3 g5 33. Nf6+ Kg7 34. axb4 gxh4
35. Qd3 Kh8 36. Qg6 Qb8 37. Qxh6+ Rh7 38. Qxh7# 1-0

[Event "4NCL Division 3"]
[Site "Daventry Court ENG"]
[Date "2015.05.03"]
[Round "10.50"]
[White "Hung, Dylan"]
[Black "Bramson, Mike"]
[Result "0-1"]
[WhiteElo "1450"]
[BlackElo "1832"]
[PlyCount "76"]
[EventDate "2015.05.03"]
[WhiteTeam "Barnet Knights 3"]
[BlackTeam "Bradford DCA Knights C"]

1. c4 e5 2. g3 Nc6 3. Bg2 Bc5 4. Nc3 d6 5. e3 Nf6 6. Nge2 Bg4 7. O-O Qd7 8. f3
Bh3 9. d4 Bb6 10. Rb1 a5 11. a3 O-O 12. b4 axb4 13. axb4 Bxg2 14. Kxg2 Rfe8 15.
c5 Ba7 16. Na4 Bb8 17. Ba3 Nxd4 18. exd4 Rxa4 19. Ra1 Ra8 20. Bb2 Rxa1 21. Qxa1
Nd5 22. Kf2 Nxb4 23. Rd1 e4 24. fxe4 Rxe4 25. Qa8 Qe8 26. Nc3 Re1 27. Rxe1 Nd3+
28. Kf1 Qxe1+ 29. Kg2 Qf2+ 30. Kh3 Qf5+ 31. Kg2 Qf2+ 32. Kh3 Qf1+ 33. Kh4 g5+
34. Kxg5 Kg7 35. Qxb7 Qf6+ 36. Kh5 Nf2 37. Bc1 Qg6+ 38. Kh4 Qg4# 0-1

[Event "4NCL Division 3"]
[Site "Daventry Court ENG"]
[Date "2015.05.03"]
[Round "10.51"]
[White "Dean, Robert A"]
[Black "Klingher, Cameron"]
[Result "1-0"]
[WhiteElo "1847"]
[BlackElo "1442"]
[PlyCount "109"]
[EventDate "2015.05.03"]
[WhiteTeam "Bradford DCA Knights C"]
[BlackTeam "Barnet Knights 3"]

1. e4 e6 2. d4 d5 3. Nd2 c5 4. exd5 exd5 5. Bb5+ Bd7 6. Qe2+ Qe7 7. Bxd7+ Nxd7
8. dxc5 Qxe2+ 9. Nxe2 Bxc5 10. O-O Ngf6 11. Nb3 Bb6 12. Bf4 Ne4 13. Rad1 Ndf6
14. c3 Nxf2 15. Rxf2 Bxf2+ 16. Kxf2 O-O 17. Kf1 Rad8 18. Bg5 Rd6 19. Ned4 Re8
20. Nb5 Rb6 21. Nc7 Re5 22. Bxf6 Rxf6+ 23. Kg1 Rff5 24. Nb5 Re2 25. N5d4 Ree5
26. Nxf5 Rxf5 27. Na5 d4 28. Nxb7 h5 29. Rxd4 Rb5 30. Rb4 Rf5 31. Nd6 Rf6 32.
Ne4 Rf5 33. Rb8+ Kh7 34. Rb7 a5 35. c4 g5 36. Rxf7+ Rxf7 37. Nxg5+ Kg6 38. Nxf7
Kxf7 39. Kf2 Ke6 40. Ke3 Kd6 41. Kd4 Kc6 42. b3 Kd6 43. g3 Kc6 44. h3 Kb6 45.
g4 hxg4 46. hxg4 a4 47. bxa4 Ka5 48. g5 Kxa4 49. g6 Ka3 50. g7 Kxa2 51. g8=Q
Kb2 52. Kd3 Kb3 53. Qb8+ Ka2 54. Kc3 Ka1 55. Qb2# 1-0

[Event "4NCL Division 3"]
[Site "Daventry Court ENG"]
[Date "2015.05.03"]
[Round "10.52"]
[White "Morris, Brian"]
[Black "Braham, Peter"]
[Result "0-1"]
[WhiteElo "1300"]
[BlackElo "1787"]
[PlyCount "84"]
[EventDate "2015.05.03"]
[WhiteTeam "Barnet Knights 3"]
[BlackTeam "Bradford DCA Knights C"]

1. d4 f5 2. c4 Nf6 3. Nc3 g6 4. Bg5 Bg7 5. e3 O-O 6. Bd3 d6 7. Nf3 Nc6 8. O-O
Qe8 9. Re1 e5 10. Bc2 e4 11. Nd2 h6 12. Bxf6 Bxf6 13. f3 exf3 14. Qxf3 Kh7 15.
Nd5 Qf7 16. Rf1 Be6 17. Ne4 Bg7 18. Nec3 Rac8 19. a3 Na5 20. Bd3 c6 21. Nb4
Bxc4 22. Bxc4 Nxc4 23. Qe2 Rfe8 24. Nc2 d5 25. b3 Nd6 26. Rae1 Ne4 27. Na4 b6
28. Rc1 Qe7 29. Nb4 Qd7 30. Qc2 c5 31. dxc5 bxc5 32. Nd3 c4 33. bxc4 Rxc4 34.
Qb3 Qxa4 35. Qa2 Rec8 36. Nb2 Bxb2 37. Qxb2 Rxc1 38. Rxc1 Rxc1+ 39. Qxc1 Qc4
40. Qb2 Qc3 41. Qb7+ Qg7 42. Qxd5 Qa1+ 0-1

[Event "4NCL Division 3"]
[Site "Daventry Court ENG"]
[Date "2015.05.03"]
[Round "10.192"]
[White "Mirza, Diana"]
[Black "Byrne, Nigel"]
[Result "0-1"]
[WhiteElo "1832"]
[BlackElo "1832"]
[PlyCount "114"]
[EventDate "2015.05.03"]
[WhiteTeam "Midland Monarchs 2"]
[BlackTeam "Throw in the Tal"]

1. d4 d6 2. Nf3 Bg4 3. Nbd2 Nd7 4. e4 Ngf6 5. Bd3 e5 6. c3 c6 7. Qb3 Qc7 8. O-O
Be7 9. Ng5 O-O 10. f4 h6 11. fxe5 dxe5 12. Ngf3 Be6 13. Qc2 Rad8 14. Nc4 Bxc4
15. Bxc4 Bd6 16. Bd2 b5 17. Bd3 Qb6 18. Kh1 c5 19. Be3 Ng4 20. Bg1 exd4 21.
cxd4 cxd4 22. Bxd4 Bc5 23. Bxc5 Nxc5 24. Be2 Ne3 25. Qb1 Nxf1 26. Bxf1 Rfe8 27.
e5 Nd7 28. Qf5 Qc5 29. Rd1 Nf8 30. Bd3 Re6 31. Qf4 Ng6 32. Qd2 Rde8 33. Bxg6
Rxg6 34. Rc1 Qb6 35. h3 Rd8 36. Qe2 Re6 37. Qc2 Re7 38. b3 Red7 39. Qe2 Rd3 40.
Re1 Qe6 41. Qc2 a6 42. Qf2 Rd1 43. Rxd1 Rxd1+ 44. Kh2 Qf5 45. Qe2 Rc1 46. Qe3
Rd1 47. b4 g5 48. Qe2 Rc1 49. Ne1 Rc3 50. Kg1 Qf4 51. e6 Qe3+ 52. Qxe3 Rxe3 53.
exf7+ Kxf7 54. Kf2 Ra3 55. Nf3 Rxa2+ 56. Kg3 Rb2 57. Ne5+ Ke6 0-1

[Event "4NCL Division 3"]
[Site "Daventry Court ENG"]
[Date "2015.05.03"]
[Round "10.195"]
[White "Scott, Ian"]
[Black "Davidson, Laura J"]
[Result "1/2-1/2"]
[WhiteElo "1735"]
[BlackElo "1622"]
[PlyCount "27"]
[EventDate "2015.05.03"]
[WhiteTeam "Throw in the Tal"]
[BlackTeam "Midland Monarchs 2"]

1. c4 Nf6 2. Nc3 d5 3. cxd5 Nxd5 4. g3 g6 5. Bg2 Nb6 6. d4 Bg7 7. Nf3 O-O 8.
O-O Nc6 9. e3 e6 10. b3 Re8 11. Bb2 Bd7 12. Rc1 Qe7 13. Rb1 Rad8 14. Qc1
1/2-1/2

[Event "4NCL Division 3"]
[Site "Daventry Court ENG"]
[Date "2015.05.03"]
[Round "10.191"]
[White "Jayawarna, Nugith"]
[Black "Lamont, Richard"]
[Result "1-0"]
[WhiteElo "1870"]
[BlackElo "1893"]
[PlyCount "59"]
[EventDate "2015.05.03"]
[WhiteTeam "Midland Monarchs 2"]
[BlackTeam "Anglian Avengers 3"]

1. c4 Nf6 2. Nc3 e5 3. g3 Nc6 4. Bg2 d6 5. d3 h6 6. a3 Be6 7. Nd5 Bxd5 8. cxd5
Ne7 9. e4 Qd7 10. Bh3 Qb5 11. Ne2 c5 12. Nc3 Qa5 13. Qb3 Rb8 14. Bd2 b5 15. O-O
Qb6 16. a4 b4 17. a5 Qa6 18. Nd1 g6 19. Ne3 Nd7 20. Nc4 Bg7 21. f4 Rf8 22. fxe5
Nxe5 23. Qa4+ Rb5 24. Qxb5+ Qxb5 25. Nxd6+ Kd8 26. Nxb5 Nxd3 27. Nxa7 c4 28.
Be3 Bxb2 29. d6 Bxa1 30. Bb6+ 1-0

[Event "4NCL Division 3"]
[Site "Daventry Court ENG"]
[Date "2015.05.03"]
[Round "10.194"]
[White "Cocks, Elliot"]
[Black "Mirza, Gabriel"]
[Result "1-0"]
[WhiteElo "1780"]
[BlackElo "1772"]
[PlyCount "146"]
[EventDate "2015.05.03"]
[WhiteTeam "Anglian Avengers 3"]
[BlackTeam "Midland Monarchs 2"]

1. e4 g6 2. d4 d6 3. Nc3 Bg7 4. Be2 Nf6 5. Bg5 c6 6. f4 Qa5 7. Qd2 b5 8. Bxf6
Bxf6 9. e5 Bg7 10. Nf3 O-O 11. O-O Qb6 12. Kh1 a5 13. a4 b4 14. Ne4 f5 15. Ng3
Ba6 16. Ng5 Bh6 17. Ne6 Re8 18. Bxa6 Nxa6 19. Qe2 Nc7 20. Nxc7 Qxc7 21. e6 Rf8
22. c3 Bg7 23. Qc4 d5 24. Qc5 Rab8 25. Rac1 b3 26. Rce1 Rfe8 27. Ne2 Kf8 28.
Nc1 Rb7 29. Qa3 Reb8 30. Nd3 Qd6 31. Nc5 Rc7 32. Nd7+ Rxd7 33. exd7 Qxa3 34.
bxa3 Kf7 35. Rb1 b2 36. Rxb2 Rd8 37. Rb7 Ke6 38. Rfb1 Kd6 39. R1b6 Bf6 40. Ra6
g5 41. Rxa5 gxf4 42. Raa7 e5 43. dxe5+ Bxe5 44. Rc7 Bxc3 45. Rc8 Rxd7 46. Rxd7+
Kxd7 47. Rb8 Kc7 48. Rb1 d4 49. Kg1 c5 50. Kf2 c4 51. Ke2 d3+ 52. Kd1 Bd4 53.
Rb4 Be3 54. Rxc4+ Kb6 55. Rc3 d2 56. Rd3 Ka5 57. Rxd2 f3 58. gxf3 Kxa4 59. Rd3
Bg1 60. h3 Bh2 61. Ke2 Bg3 62. f4 Bh4 63. Kf3 Bf6 64. Rd5 Kxa3 65. Rxf5 Bd4 66.
Rh5 Kb4 67. Rxh7 Kc5 68. Ke4 Bb2 69. Rd7 Kc6 70. Rd1 Bf6 71. Kf5 Be7 72. Ke4
Ba3 73. f5 Kc7 1-0

[Event "4NCL Division 3"]
[Site "Daventry Court ENG"]
[Date "2015.05.03"]
[Round "10.197"]
[White "Woodhouse, Monty"]
[Black "Peck, Stephen"]
[Result "1-0"]
[WhiteElo "1232"]
[BlackElo "1337"]
[PlyCount "65"]
[EventDate "2015.05.03"]
[WhiteTeam "Midland Monarchs 2"]
[BlackTeam "Anglian Avengers 3"]

1. e4 e6 2. d4 d5 3. Nc3 c5 4. Nf3 Nf6 5. Bg5 Be7 6. Bxf6 Bxf6 7. e5 Be7 8. Bd3
Nc6 9. Ne2 cxd4 10. Nexd4 Qc7 11. Qe2 Qb6 12. Nb3 Bd7 13. a3 Na5 14. Nxa5 Qxa5+
15. c3 Rc8 16. O-O Qb6 17. Rac1 Bc5 18. b4 Be7 19. Rfd1 a6 20. c4 a5 21. c5 Qa7
22. Bb5 Bc6 23. Nd4 axb4 24. axb4 O-O 25. Bxc6 bxc6 26. Ra1 Qb8 27. Qa6 Qc7 28.
Rdc1 f6 29. b5 cxb5 30. Nxe6 Qxe5 31. Nxf8 Rxf8 32. Qxb5 Re8 33. Qxe8+ 1-0

[Event "4NCL Division 3"]
[Site "Daventry Court ENG"]
[Date "2015.05.03"]
[Round "10.190"]
[White "Hall, Antony"]
[Black "Goodwin, Ed H"]
[Result "1/2-1/2"]
[WhiteElo "1905"]
[BlackElo "1862"]
[PlyCount "58"]
[EventDate "2015.05.03"]
[WhiteTeam "Anglian Avengers 3"]
[BlackTeam "Throw in the Tal"]

1. e4 e6 2. d4 d5 3. Nd2 c5 4. exd5 exd5 5. dxc5 Bxc5 6. Nb3 Bb6 7. Bd3 Nf6 8.
Nf3 O-O 9. O-O Ne4 10. c3 Bg4 11. Bxe4 dxe4 12. Qxd8 Rxd8 13. Nfd4 Nd7 14. Be3
Ne5 15. Nd2 Nd3 16. h3 Bh5 17. Rfb1 Bg6 18. Nc4 Bc5 19. Nb3 Bxe3 20. Nxe3 Rac8
21. Nd4 a6 22. Nef5 Bxf5 23. Nxf5 Rc7 24. Kf1 g6 25. Nd4 Rd5 26. Ke2 Nf4+ 27.
Kf1 Nd3 28. Ke2 Nf4+ 29. Kf1 Nd3 1/2-1/2